[Event "BRA-ch U26"]
[Site "Brasilia"]
[Date "2019.04.24"]
[Round "2"]
[White "Rosa, Paulo Estevao"]
[Black "Cadilhac, Igor Tokuichi Kikuc"]
[Result "0-1"]
[WhiteElo "1890"]
[BlackElo "2294"]
[PlyCount "118"]
[EventDate "2019.04.23"]
[EventType "swiss"]
[EventRounds "7"]
[EventCountry "BRA"]
[SourceTitle "CBM 190 Extra"]
[Source "ChessBase"]
[SourceDate "2019.07.15"]
[SourceVersion "1"]
[SourceVersionDate "2019.07.15"]
[SourceQuality "1"]

1. b3 e5 2. Bb2 Nc6 3. e3 Nf6 4. c4 d5 5. Nf3 e4 6. Nd4 Nxd4 7. Bxd4 dxc4 8. Bxc4 Bf5 9. 0-0 Bd6 10. f4 c6 11. Qe1 0-0 12. Nc3 Re8 13. h3 c5 14. Bxf6 Qxf6 15. g4 Bd7 16. Bd5 Qg6 17. Bxb7 Rab8 18. Bd5 h5 19. f5 Qf6 20. Qf2 Bb5 21. Nxb5 Rxb5 22. Bc6 Bh2+ 23. Qxh2 Qxc6 24. gxh5 Qf6 25. Rac1 Re5 26. Rf4 Rxf5 27. Rxf5 Qxf5 28. Qf4 Qxh5 29. Qxe4 Rb6 30. Kh2 Rd6 31. Qe8+ Kh7 32. Qe4+ g6 33. Qg2 Qe5+ 34. Kh1 Qb2 35. Qf1 Rf6 36. Qe1 Qxa2 37. Rxc5 Qxb3 38. Kh2 Qb8+ 39. Kh1 Kg7 40. Rc1 Qe5 41. Qe2 Qe4+ 42. Qg2 Rf3 43. Kg1 Rxe3 44. Qxe4 Rxe4 45. Ra1 Rd4 46. Rxa7 Rxd2 47. Ra3 Kh6 48. Rf3 f5 49. Ra3 Kh5 50. Ra4 g5 51. h4 gxh4 52. Rf4 Kg5 53. Rf1 Kg4 54. Kh1 f4 55. Rg1+ Kh3 56. Rf1 Ra2 57. Kg1 Kg3 58. Kh1 f3 59. Rb1 Rh2+ 0-1

[Event "Goiania Xeque Mate U2200 op 4th"]
[Site "Goiania"]
[Date "2019.03.10"]
[Round "5"]
[White "Rosa, Paulo Estevao"]
[Black "De Souza Sa, Apolo"]
[Result "0-1"]
[WhiteElo "1899"]
[BlackElo "2023"]
[PlyCount "94"]
[EventDate "2019.03.09"]
[EventType "swiss"]
[EventRounds "5"]
[EventCountry "BRA"]
[SourceTitle "CBM 190 Extra"]
[Source "ChessBase"]
[SourceDate "2019.07.15"]
[SourceVersion "1"]
[SourceVersionDate "2019.07.15"]
[SourceQuality "1"]

1. b3 Nf6 2. e3 g6 3. Bb2 Bg7 4. Nf3 d6 5. c4 0-0 6. Be2 Nbd7 7. 0-0 e5 8. Nc3 c6 9. Qc2 Re8 10. d3 Nf8 11. b4 a5 12. a3 Ne6 13. b5 Nc5 14. Nd2 Bf5 15. e4 Bc8 16. Rab1 Nfd7 17. bxc6 bxc6 18. Na4 Ne6 19. Nf3 h5 20. g3 Qc7 21. Rfc1 f6 22. Qd1 Bh6 23. Rc2 Rb8 24. Nh4 Ndf8 25. c5 d5 26. Rc3 Nd4 27. Nb6 Be6 28. Nf3 Nxe2+ 29. Qxe2 Nd7 30. exd5 cxd5 31. Nxd7 Bxd7 32. Qc2 d4 33. Rb3 Bc6 34. Nh4 Kg7 35. Rxb8 Rxb8 36. Bc1 Bxc1 37. Qxc1 Rxb1 38. Qxb1 Qd7 39. Qb6 e4 40. Qxa5 exd3 41. Qd2 Qd5 42. f3 g5 43. Ng2 Qxf3 44. Ne1 Qh1+ 45. Kf2 Qxh2+ 46. Ng2 Qxg2+ 47. Ke1 Qg1# 0-1

[Event "Goiania Regional-ch"]
[Site "Goiania"]
[Date "2018.12.09"]
[Round "10"]
[White "De Souza Sa, Apolo"]
[Black "Rosa, Paulo Estevao"]
[Result "1-0"]
[WhiteElo "1934"]
[BlackElo "1874"]
[PlyCount "81"]
[EventDate "2018.11.30"]
[EventType "tourn"]
[EventRounds "10"]
[EventCountry "BRA"]
[SourceTitle "CBM 187 Extra"]
[Source "ChessBase"]
[SourceDate "2018.11.04"]
[SourceVersion "1"]
[SourceVersionDate "2018.11.04"]
[SourceQuality "1"]

1. d4 Nf6 2. c4 e6 3. Nc3 c5 4. d5 exd5 5. cxd5 d6 6. Nf3 g6 7. Bf4 a6 8. e4 Nh5 9. Bg5 Qc7 10. a4 Bg7 11. h3 0-0 12. Be2 Re8 13. 0-0 Nd7 14. Nd2 Nhf6 15. Qc2 Nf8 16. a5 N6d7 17. Bf4 Ne5 18. Bh2 f5 19. f4 Nf7 20. Bd3 Nh6 21. Nc4 fxe4 22. Nxe4 Nf5 23. Kh1 Nd4 24. Qd1 Nb5 25. g4 Nd7 26. f5 Be5 27. f6 Rf8 28. f7+ Kg7 29. Ng5 Nd4 30. Bg1 Qd8 31. Ne6+ Nxe6 32. dxe6 Nf6 33. Nxe5 dxe5 34. Bc4 Qe7 35. Qf3 b6 36. g5 Nh5 37. Bh2 Nf4 38. Bxf4 Rd8 39. Bxe5+ Kf8 40. Qf6 Qb7+ 41. Rf3 1-0

[Event "Goiania Regional-ch"]
[Site "Goiania"]
[Date "2018.12.09"]
[Round "9"]
[White "Rosa, Paulo Estevao"]
[Black "Diamant, Andre"]
[Result "0-1"]
[WhiteElo "1874"]
[BlackElo "2539"]
[PlyCount "72"]
[EventDate "2018.11.30"]
[EventType "tourn"]
[EventRounds "10"]
[EventCountry "BRA"]
[SourceTitle "CBM 187 Extra"]
[Source "ChessBase"]
[SourceDate "2018.11.04"]
[SourceVersion "1"]
[SourceVersionDate "2018.11.04"]
[SourceQuality "1"]

1. b3 Nf6 2. Bb2 g6 3. Nf3 Bg7 4. e3 0-0 5. Be2 c5 6. d4 d5 7. 0-0 Ne4 8. Nbd2 Nc6 9. c4 cxd4 10. Nxd4 Nxd4 11. exd4 Nd6 12. c5 Nf5 13. Nf3 b6 14. c6 Qc7 15. Qc1 Nd6 16. b4 Bg4 17. h3 Bxf3 18. Bxf3 e6 19. Be2 b5 20. a4 Rfb8 21. Qc2 Rb6 22. Rfc1 Bh6 23. a5 Ra6 24. Rd1 Rxc6 25. Qb3 a6 26. Bf3 Rc8 27. h4 Rc2 28. h5 Qc4 29. Ra3 Qxb3 30. Rxb3 Nc4 31. Ba1 Nd2 32. Rd3 Rc1 33. hxg6 Rxd1+ 34. Bxd1 Rc1 35. gxf7+ Kxf7 36. Bc3 Rxd1+ 0-1

[Event "Goiania Regional-ch"]
[Site "Goiania"]
[Date "2018.12.07"]
[Round "6"]
[White "Rosa, Paulo Estevao"]
[Black "Franca, Jairo Jr"]
[Result "1-0"]
[WhiteElo "1874"]
[BlackElo "1870"]
[PlyCount "107"]
[EventDate "2018.11.30"]
[EventType "tourn"]
[EventRounds "10"]
[EventCountry "BRA"]
[SourceTitle "CBM 187 Extra"]
[Source "ChessBase"]
[SourceDate "2018.11.04"]
[SourceVersion "1"]
[SourceVersionDate "2018.11.04"]
[SourceQuality "1"]

1. e3 Nf6 2. c4 e6 3. Nc3 d5 4. Nf3 b6 5. b3 Bb7 6. Bb2 Be7 7. Be2 0-0 8. 0-0 Nbd7 9. d4 c5 10. cxd5 exd5 11. Rc1 Rc8 12. Qd3 Bd6 13. Nb5 Bb8 14. Ne5 a6 15. Na3 Re8 16. f4 Qe7 17. Nc2 Ne4 18. Bg4 Bxe5 19. fxe5 Rc7 20. Qe2 Nf8 21. Bh5 Ng6 22. Ne1 Qg5 23. Bf3 Rec8 24. Bg4 Rd8 25. e6 fxe6 26. Bxe6+ Kh8 27. Nd3 Bc8 28. Bxc8 Rcxc8 29. dxc5 bxc5 30. Rf7 d4 31. exd4 Nd6 32. Rff1 c4 33. Ne5 cxb3 34. Rxc8 Rxc8 35. Qxa6 Rd8 36. Nxg6+ hxg6 37. Bc1 Qd5 38. axb3 Qxd4+ 39. Kh1 Ne4 40. Qe2 Re8 41. Qf3 Nd6 42. Qh3+ Kg8 43. Qg3 Re6 44. Ba3 Nf5 45. Qb8+ Kh7 46. Qc8 Re2 47. Qc4 Qe5 48. Bc5 Qb2 49. Qg4 Nh6 50. Qf3 Qe5 51. b4 g5 52. Qd3+ Kh8 53. Rf8+ Ng8 54. Qh3# 1-0

[Event "Goiania Regional-ch"]
[Site "Goiania"]
[Date "2018.11.30"]
[Round "1"]
[White "Franca, Jairo Jr"]
[Black "Rosa, Paulo Estevao"]
[Result "0-1"]
[WhiteElo "1870"]
[BlackElo "1874"]
[PlyCount "122"]
[EventDate "2018.11.30"]
[EventType "tourn"]
[EventRounds "10"]
[EventCountry "BRA"]
[SourceTitle "CBM 187 Extra"]
[Source "ChessBase"]
[SourceDate "2018.11.04"]
[SourceVersion "1"]
[SourceVersionDate "2018.11.04"]
[SourceQuality "1"]

1. e4 c6 2. d4 d5 3. Nc3 dxe4 4. Nxe4 Nf6 5. Nxf6+ gxf6 6. Ne2 Bg4 7. Qd3 e5 8. Be3 Qa5+ 9. c3 Nd7 10. Ng3 0-0-0 11. Be2 Be6 12. 0-0 Nb6 13. Qc2 Nd5 14. Bd2 Qc7 15. Qa4 Kb8 16. Bf3 Nb6 17. Qc2 Bd6 18. b3 exd4 19. cxd4 Nd5 20. b4 Nxb4 21. Qa4 Nd5 22. Rfc1 Nb6 23. Qc2 Bxg3 24. hxg3 Rxd4 25. Bf4 Rxf4 26. gxf4 Qxf4 27. a4 Nd5 28. Qc4 Qxc4 29. Rxc4 Ne3 30. Rf4 Nd5 31. Bxd5 Bxd5 32. Rxf6 Rg8 33. f3 Rg6 34. Rf4 b6 35. Kf2 Kb7 36. Rh1 h6 37. Rfh4 Bb3 38. Rd4 c5 39. Rd7+ Ka6 40. a5 Kxa5 41. Rxa7+ Kb4 42. Ke3 Rxg2 43. Rxh6 Rg6 44. Rxg6 fxg6 45. Kd2 Be6 46. Rc7 Bf5 47. Rb7 b5 48. Ra7 Kb3 49. Rb7 b4 50. Kc1 c4 51. Rc7 Kc3 52. Rc6 b3 53. Rb6 Bc2 54. f4 Kd4 55. Kd2 Bd3 56. Kc1 Ke3 57. f5 gxf5 58. Re6+ Be4 59. Kb2 Kd2 60. Re5 c3+ 61. Kxb3 c2 0-1

[Event "Goiania Xeque Mate U2200 2nd"]
[Site "Goiania"]
[Date "2018.07.28"]
[Round "3.4"]
[White "Felix, Raimundo Nascimento"]
[Black "Rosa, Paulo Estevao"]
[Result "1-0"]
[WhiteElo "1874"]
[BlackElo "1887"]
[PlyCount "78"]
[EventDate "2018.07.28"]
[EventType "swiss"]
[EventRounds "5"]
[EventCountry "BRA"]
[SourceTitle "EXT 2022"]
[Source "ChessBase"]
[SourceDate "2021.10.06"]
[SourceVersion "1"]
[SourceVersionDate "2021.10.06"]
[SourceQuality "1"]

1. e4 c6 2. d4 d5 3. e5 Bf5 4. g4 Be4 5. f3 Bg6 6. h4 h5 7. e6 Qd6 8. exf7+ Bxf7 9. Ne2 e5 10. g5 Nd7 11. Nbc3 0-0-0 12. Bh3 Be6 13. Bg2 Ne7 14. Be3 Nf5 15. Bf2 Nb6 16. Qd3 exd4 17. Nxd4 Nxd4 18. Qxd4 Bf5 19. 0-0-0 Nc4 20. Bf1 c5 21. Qxc4 dxc4 22. Rxd6 Bxd6 23. Bxc4 Bf4+ 24. Kb1 Bxc2+ 25. Ka1 b6 26. Nd5 Bd6 27. Ne3 Bg6 28. a3 Rhe8 29. Bb3 Bf4 30. Nd5 Be5 31. Re1 Bd6 32. Rd1 Re2 33. Be3 Be5 34. Bc1 Bf7 35. f4 Bd4 36. Bc4 Rh2 37. Ne3 Bxc4 38. Nxc4 b5 39. Ne3 Re2 1-0

[Event "Goiania FEXEG Cup"]
[Site "Goiania"]
[Date "2018.05.19"]
[Round "4"]
[White "De Souza Sa, Apolo"]
[Black "Rosa, Paulo Estevao"]
[Result "1/2-1/2"]
[WhiteElo "1876"]
[BlackElo "1881"]
[PlyCount "68"]
[EventDate "2018.05.18"]
[EventType "swiss"]
[EventRounds "6"]
[EventCountry "BRA"]
[SourceTitle "CBM 184 Extra"]
[Source "ChessBase"]
[SourceDate "2018.06.28"]
[SourceVersion "1"]
[SourceVersionDate "2018.06.28"]
[SourceQuality "1"]

1. Nf3 Nf6 2. d3 d5 3. g3 Bg4 4. Ne5 Bh5 5. Bg2 Nbd7 6. Nxd7 Qxd7 7. Nd2 e6 8. c4 c6 9. 0-0 Bd6 10. Nf3 0-0 11. Bg5 Ne8 12. Qb3 f5 13. cxd5 cxd5 14. e4 fxe4 15. dxe4 Qf7 16. Nd2 Be2 17. Rfe1 Qxf2+ 18. Kh1 Ba6 19. exd5 Qf5 20. Ne4 h6 21. Nxd6 Qxg5 22. Ne4 Qe7 23. dxe6 Rc8 24. Rac1 Rxc1 25. Rxc1 b6 26. Nc3 Nf6 27. Nd5 Nxd5 28. Qxd5 Rd8 29. Qf5 Rf8 30. Qd5 Bc8 31. Qe5 Bb7 32. Kg1 Rc8 33. Rxc8+ Bxc8 34. Kf2 Bxe6 1/2-1/2

[Event "Goiania STD op"]
[Site "Goiania"]
[Date "2018.03.10"]
[Round "4"]
[White "Labussiere, Victor"]
[Black "Rosa, Paulo Estevao"]
[Result "1-0"]
[WhiteElo "1938"]
[BlackElo "1885"]
[PlyCount "123"]
[EventDate "2018.03.09"]
[EventType "swiss"]
[EventRounds "6"]
[EventCountry "BRA"]
[SourceTitle "CBM 183 Extra"]
[Source "ChessBase"]
[SourceDate "2018.04.19"]
[SourceVersion "1"]
[SourceVersionDate "2018.04.19"]
[SourceQuality "1"]

1. c4 c5 2. Nc3 Nc6 3. Nf3 g6 4. g3 Bg7 5. Bg2 Nf6 6. 0-0 0-0 7. d4 cxd4 8. Nxd4 a6 9. b3 Qa5 10. Bb2 Ng4 11. e3 Qg5 12. Ne4 Qh5 13. h3 Nf6 14. Nxf6+ Bxf6 15. Qxh5 gxh5 16. Nxc6 dxc6 17. Bxf6 exf6 18. Rad1 Bf5 19. Rd6 Kg7 20. Rfd1 a5 21. e4 Be6 22. a4 f5 23. e5 Ra6 24. c5 Bxb3 25. Rb1 Bxa4 26. Rxb7 Bb5 27. e6 a4 28. Rxb5 a3 29. Rb1 a2 30. Ra1 Rb8 31. Rdd1 fxe6 32. Bf1 Ra4 33. Rd2 Rba8 34. Rc2 Kf6 35. Bc4 Rb8 36. Raxa2 Rbb4 37. Rxa4 Rxa4 38. Be2 h4 39. Bf3 hxg3 40. Bxc6 gxf2+ 41. Kxf2 Ra7 42. Bb5 Ke5 43. Bc4 Rc7 44. Bb3 h5 45. Ba4 Kd5 46. c6 e5 47. Rd2+ Ke6 48. Rd7 Rxd7 49. cxd7 Ke7 50. h4 Kd8 51. Ke3 Ke7 52. Kd3 Kd8 53. Bb5 Ke7 54. Ba4 Kd8 55. Kc4 e4 56. Kd4 Ke7 57. Bb5 Kd8 58. Ke5 e3 59. Kxf5 e2 60. Bxe2 Kxd7 61. Kf6 Ke8 62. Kg7 1-0

[Event "Goiania STD op"]
[Site "Goiania"]
[Date "2018.03.10"]
[Round "3"]
[White "Rosa, Paulo Estevao"]
[Black "Garcia, Gabriel Gonzaga"]
[Result "0-1"]
[WhiteElo "1885"]
[BlackElo "2209"]
[PlyCount "89"]
[EventDate "2018.03.09"]
[EventType "swiss"]
[EventRounds "6"]
[EventCountry "BRA"]
[SourceTitle "CBM 183 Extra"]
[Source "ChessBase"]
[SourceDate "2018.04.19"]
[SourceVersion "1"]
[SourceVersionDate "2018.04.19"]
[SourceQuality "1"]

1. c4 Nf6 2. Nc3 b6 3. e4 e5 4. Nf3 Nc6 5. Be2 Bb7 6. d3 h6 7. 0-0 Bc5 8. h3 0-0 9. a3 a5 10. Rb1 Qe7 11. Bd2 Rfe8 12. Nb5 Rac8 13. Qc1 Nh5 14. Kh1 f5 15. Nc3 Nf6 16. Nd5 Nxd5 17. cxd5 Nd4 18. Nxd4 exd4 19. Bf3 Ba6 20. Qc2 Bxd3 21. Qxd3 fxe4 22. d6 Qe6 23. Bxe4 Qxe4 24. Qxe4 Rxe4 25. dxc7 Rxc7 26. Rfe1 Rxe1+ 27. Rxe1 d3 28. Kg1 Bd4 29. b4 Rc2 30. Rd1 Ra2 31. bxa5 bxa5 32. Bxa5 Rxa3 33. Bb4 Rb3 34. Bd6 Kf7 35. g3 Ke6 36. Bf4 Kd5 37. Kg2 Kc4 38. Kf3 Rb2 39. Bd2 d5 40. h4 h5 41. Kg2 Bc3 42. Bxc3 Kxc3 43. Kf3 Kc2 44. Ra1 d2 45. Ke2 0-1

[Event "Goiania-ch U2200"]
[Site "Goiania"]
[Date "2017.11.26"]
[Round "3.1"]
[White "Rosa, Paulo Estevao"]
[Black "Di Simoni, Rafaela Moura"]
[Result "1-0"]
[WhiteElo "1883"]
[BlackElo "1491"]
[PlyCount "115"]
[EventDate "2017.11.25"]
[EventType "tourn"]
[EventRounds "9"]
[EventCountry "BRA"]
[SourceTitle "EXT 2022"]
[Source "ChessBase"]
[SourceDate "2021.10.06"]
[SourceVersion "1"]
[SourceVersionDate "2021.10.06"]
[SourceQuality "1"]

1. b3 Nf6 2. Bb2 g6 3. Nf3 Bg7 4. e3 0-0 5. c4 d6 6. d4 Nbd7 7. Be2 c5 8. d5 Qc7 9. 0-0 Rd8 10. Nc3 a6 11. Qc2 Nb6 12. Rfd1 e6 13. Ng5 exd5 14. Nxd5 Nbxd5 15. cxd5 Bf5 16. Bd3 Bxd3 17. Qxd3 Qe7 18. Nf3 Ne8 19. Bxg7 Kxg7 20. Rac1 f5 21. a4 a5 22. Qb5 Qc7 23. Ng5 Qd7 24. Ne6+ Kg8 25. Nxd8 Qxb5 26. axb5 Rxd8 27. b6 Nf6 28. Ra1 Ra8 29. Ra4 Nd7 30. Rda1 Nxb6 31. Rxa5 Rxa5 32. Rxa5 Nxd5 33. Rb5 b6 34. f3 Kg7 35. Kf2 Kf6 36. e4 fxe4 37. fxe4 Nc3 38. Rxb6 Nxe4+ 39. Ke3 Ke5 40. Rb7 Nf6 41. h3 h5 42. Re7+ Kf5 43. Kd3 Nd5 44. Rf7+ Ke6 45. Rf2 Ne7 46. Kc4 Nf5 47. Re2+ Kf6 48. Kd5 h4 49. Re6+ Kg5 50. Rxd6 Nxd6 51. Kxd6 Kf4 52. Kxc5 Kg3 53. b4 Kxg2 54. b5 Kxh3 55. b6 Kg2 56. b7 h3 57. b8Q h2 58. Qb7+ 1-0

[Event "Goiania FEXEG Cup"]
[Site "Goiania"]
[Date "2017.10.29"]
[Round "6"]
[White "Rosa, Paulo Estevao"]
[Black "Santos, Luciano da Silva"]
[Result "1/2-1/2"]
[WhiteElo "1876"]
[BlackElo "1942"]
[PlyCount "79"]
[EventDate "2017.10.27"]
[EventType "swiss"]
[EventRounds "6"]
[EventCountry "BRA"]
[SourceTitle "CBM 181 Extra"]
[Source "ChessBase"]
[SourceDate "2017.12.12"]
[SourceVersion "1"]
[SourceVersionDate "2017.12.12"]
[SourceQuality "1"]

1. e3 c5 2. c4 Nf6 3. Nc3 Nc6 4. Nf3 g6 5. Be2 Bg7 6. d4 cxd4 7. Nxd4 0-0 8. 0-0 d6 9. Bf3 Bd7 10. b3 a6 11. Bb2 Re8 12. Nde2 Bg4 13. Nf4 Bxf3 14. Qxf3 Rb8 15. Rfd1 Qa5 16. Qe2 b5 17. h3 bxc4 18. Qxc4 Rec8 19. Qe2 Qb6 20. Rac1 Qb7 21. h4 h5 22. Ncd5 Nxd5 23. Rxd5 Nb4 24. Rxc8+ Rxc8 25. Rd2 Bxb2 26. Rxb2 e5 27. Nd3 Qe4 28. Rd2 Qxh4 29. Nxb4 Qxb4 30. Rc2 Rxc2 31. Qxc2 Qc5 32. Qd3 a5 33. Kf1 Qc1+ 34. Ke2 Qb2+ 35. Qd2 Qa3 36. Kd3 d5 37. f3 Qc5 38. Qc3 Qb5+ 39. Kc2 Qe2+ 40. Qd2 1/2-1/2

[Event "Goiania zt"]
[Site "Goiania"]
[Date "2017.08.20"]
[Round "5"]
[White "Rosa, Paulo Estevao"]
[Black "Campos, Otavio Moraes"]
[Result "1/2-1/2"]
[WhiteElo "1895"]
[BlackElo "1722"]
[PlyCount "92"]
[EventDate "2017.08.18"]
[EventType "swiss"]
[EventRounds "6"]
[EventCountry "BRA"]
[SourceTitle "CBM 180 Extra"]
[Source "ChessBase"]
[SourceDate "2017.10.06"]
[SourceVersion "1"]
[SourceVersionDate "2017.10.06"]
[SourceQuality "1"]

1. e3 Nf6 2. c4 c5 3. Nc3 g6 4. Nf3 Bg7 5. d4 cxd4 6. exd4 0-0 7. Be2 d5 8. c5 Nc6 9. 0-0 b6 10. Qa4 Bd7 11. Bb5 Qc7 12. b4 bxc5 13. bxc5 e6 14. Rb1 Rfd8 15. Ne2 Ne4 16. Bxc6 Bxc6 17. Qa6 f6 18. Nf4 Kf7 19. Nd3 g5 20. Re1 Rdb8 21. Nb4 Bb7 22. Qa3 a5 23. Nd3 Ba6 24. Be3 Rxb1 25. Rxb1 Rb8 26. Rc1 Bc4 27. h4 h6 28. Nb2 Ba6 29. Na4 Bf8 30. Nc3 Nxc3 31. Qxc3 Rb4 32. Qc2 Kg7 33. hxg5 hxg5 34. Nd2 Qb8 35. g3 Rb2 36. Qa4 Qb5 37. Qd1 Kg6 38. Rb1 Rxb1 39. Qxb1+ Qxb1+ 40. Nxb1 Bb5 41. Nc3 Bc6 42. f4 Bh6 43. fxg5 Bxg5 44. Kf2 Bxe3+ 45. Kxe3 e5 46. Ne2 Kg5 1/2-1/2

[Event "Goiania-ch"]
[Site "Goiania"]
[Date "2016.12.04"]
[Round "8"]
[White "Santos, Luciano da Silva"]
[Black "Rosa, Paulo Estevao"]
[Result "1/2-1/2"]
[WhiteElo "1879"]
[BlackElo "1898"]
[PlyCount "66"]
[EventDate "2016.11.26"]
[EventType "tourn"]
[EventRounds "9"]
[EventCountry "BRA"]
[SourceTitle "EXT 2018"]
[Source "ChessBase"]
[SourceDate "2017.10.13"]
[SourceVersion "1"]
[SourceVersionDate "2017.10.13"]
[SourceQuality "1"]

1. e4 c6 2. Nf3 d5 3. Nc3 Bg4 4. exd5 cxd5 5. d4 Nc6 6. Bb5 Nf6 7. Qd3 Bxf3 8. Qxf3 e6 9. 0-0 Be7 10. Ne2 Qb6 11. Bxc6+ bxc6 12. c3 0-0 13. Ng3 c5 14. dxc5 Bxc5 15. Rb1 h6 16. Bxh6 Qa6 17. a3 Qc4 18. Be3 Bd6 19. Rfd1 Rfb8 20. Bg5 Bxg3 21. hxg3 Ne4 22. Bf4 Rb5 23. Rd4 Qa2 24. Rdd1 Rxb2 25. Rxb2 Qxb2 26. c4 Qc3 27. cxd5 Qxf3 28. gxf3 Nc3 29. Rd2 Nxd5 30. Bd6 Rc8 31. Rb2 Nb6 32. Bb4 Rc4 33. Kg2 Nd5 1/2-1/2

[Event "Goiania-ch"]
[Site "Goiania"]
[Date "2016.11.27"]
[Round "4"]
[White "Bocca, Edson Ricardo"]
[Black "Rosa, Paulo Estevao"]
[Result "1/2-1/2"]
[WhiteElo "1640"]
[BlackElo "1898"]
[PlyCount "134"]
[EventDate "2016.11.26"]
[EventType "tourn"]
[EventRounds "9"]
[EventCountry "BRA"]
[SourceTitle "EXT 2018"]
[Source "ChessBase"]
[SourceDate "2017.10.13"]
[SourceVersion "1"]
[SourceVersionDate "2017.10.13"]
[SourceQuality "1"]

1. e4 c6 2. Nf3 d5 3. exd5 cxd5 4. Bb5+ Bd7 5. Bxd7+ Nxd7 6. 0-0 Ngf6 7. d3 e6 8. Nc3 a6 9. a3 Bd6 10. h3 Qc7 11. Ne2 Rc8 12. c3 0-0 13. Bg5 h6 14. Bxf6 Nxf6 15. d4 Ne4 16. Nd2 f5 17. Nxe4 fxe4 18. Qd2 Rf6 19. Qe3 Rcf8 20. f3 Bh2+ 21. Kh1 Bf4 22. Nxf4 Qxf4 23. Qxf4 Rxf4 24. Rae1 exf3 25. gxf3 R8f6 26. Re3 Kf7 27. Kh2 g5 28. Kg3 Ke7 29. Rf2 Kd6 30. Rh2 h5 31. Rf2 a5 32. Rfe2 a4 33. Re1 Rg6 34. Re5 Rf5 35. Rxf5 exf5 36. Re8 Re6 37. Rd8+ Kc6 38. Kf2 g4 39. fxg4 hxg4 40. hxg4 fxg4 41. Rg8 Rf6+ 42. Kg2 Re6 43. Kf2 Kb5 44. Rxg4 Kc4 45. Kf3 Kd3 46. Rg5 Kc4 47. Rg2 Kd3 48. Rg5 Rf6+ 49. Kg4 Kc4 50. Rg8 Rb6 51. Rc8+ Kb3 52. Rd8 Kxb2 53. Kf4 Re6 54. Rxd5 Kxc3 55. Rb5 Kxd4 56. Rb4+ Kc5 57. Rxb7 Rh6 58. Kg4 Rg6+ 59. Kf4 Rf6+ 60. Ke4 Rh6 61. Rc7+ Kb5 62. Rc3 Rd6 63. Ke5 Rd2 64. Ke4 Rb2 65. Kd4 Rb3 66. Rc5+ Kb6 67. Rc3 Rxc3 1/2-1/2